Staroveký Rím dejepisná čítanka pre 6. ročník všeobecnovzdelávacích škôl

Bibliographic Details
Other Authors: Kallistov, Dmitrij Pavlovič, 1903-1973 (Compiler), Petrenko, Ján (pedagóg) (Translator)
Format: Book
Language:Slovak
Russian
PhysicalDescription:335 strán ilustrácie 21 cm
Published: Bratislava Slovenské pedagogické nakladateľstvo 1958
Edition:1. vyd.
Subjects:

MARC

LEADER 00000cam a2200000 a 4500
001 vtls008325649
003 SK-MaSNL
005 20260301140805.0
008 181127s1958 xo a crp 000 0 slo
015 |a SNBA1958/09-01311 
035 |a SK01SNK19580017866 
035 |a SKM000020329 
040 |a SNK  |b slo  |c SNK  |e AACR2 
041 1 |a slo  |h rus 
043 |a e------  |a ff-----  |a aw----- 
044 |a xo  |c SK 
072 7 |a 93/94  |x Dejiny (všeobecne)  |2 konspekt 
072 7 |a 37.016  |x Učebné osnovy. Vyučovacie predmety. Učebnice  |2 konspekt 
080 |a 372.893(075.2)  |2 1981 
080 |a 937.6(075.2)  |2 1981 
080 |a 93/94  |2 2011 
080 |a (075.2)  |2 2011 
080 |a (37)  |2 2011 
130 0 |a Drevnij Rim  |l Slovensky  |9 424278 
245 0 0 |a Staroveký Rím  |b dejepisná čítanka pre 6. ročník všeobecnovzdelávacích škôl  |c D.P. Kallistov ... [et al.] ; [z ruského originálu Drevnij Rim ... preložil Ján Petrenko] 
250 |a 1. vyd. 
260 |a Bratislava  |b Slovenské pedagogické nakladateľstvo  |c 1958 
300 |a 335 strán  |b ilustrácie  |c 21 cm 
366 |e 30200 kusov 
500 |a Obsahuje poznámky 
650 0 7 |a dejepis  |2 SNKPH  |9 4288 
651 7 |a Rímska ríša  |2 SNKPHgeo  |9 212347 
655 7 |a učebnice základných škôl  |2 SNKPH  |9 70187 
655 7 |a čítanky  |2 SNKPH  |9 60817 
700 1 |a Kallistov, Dmitrij Pavlovič,  |d 1903-1973  |4 com  |9 493878 
700 1 |a Petrenko, Ján  |c (pedagóg)  |4 trl  |9 173912 
958 |a OND 
958 |a RK 
958 |a TL 
958 |a RU 
958 |a UC 
958 |a DB 
958 |a OP 
999 |c 765014  |d 766944 
952 |a SNK  |b SNK  |y PREZ  |7 0  |p 17A0588703  |o snkSD 15951  |i snkKSP 3227/58  |0 0  |1 0  |4 0  |d 2008-06-09  |l 0  |r 2025-11-28 00:00:00  |w 2026-02-24